000 00487nam a22001697a 4500
003 BD-DhUL
005 20171004100543.0
008 171004s1934 ben||||| |||| 00| 0 per d
040 _aBD-DhUL
_cBD-DhUL
082 _a491.55
_bGHM
100 0 _aGhulam Maqsud Hilali
245 1 2 _aA Manual of persian grammar (ASC) /
_cGhulam Maqsud Hilali
260 _aKaratia :
_bGhulam Maqsud Hilali,
_c1934.
300 _a223 p. ;
_c20 cm.
650 0 _aPersian language
_xGrammar
942 _2ddc
_cREF
999 _c214605
_d214605